| 000 | 00549nam a22001937a 4500 | ||
|---|---|---|---|
| 003 | CEME | ||
| 005 | 20210628203157.0 | ||
| 008 | 210119b xxu||||| |||| 00| 0 eng d | ||
| 020 | _a1-56308-857-6 | ||
| 040 | _cceme | ||
| 082 | _a025.31 TAY | ||
| 100 |
_aTaylor, Arlene G _963785 |
||
| 245 | _aIntroduction to cataloging and classification | ||
| 250 | _a9TH | ||
| 260 |
_aNEW DELHI _bLIBRARIAN UNLIMITED _c2000 |
||
| 300 | _aXV,545 P | ||
| 650 |
_aCATALOGING, ANGLO AMERICAN CATALOGUING RULES, CLASSIFICATION- BOOKS _963786 |
||
| 942 |
_cBK _2ddc |
||
| 999 |
_c572503 _d572503 |
||